000 00760nam a2200253Ia 4500
003 OSt
005 20220928121406.0
006 a|||||r|||| 00| 0
007 ta
008 220927b |||||||| |||| 00| 0 eng d
020 _c8000
024 _a120168
037 _b163, 18/10/2013, Classic Book Service
_cTextual
040 _aSDCL
_cSDCL
_beng
041 _2eng
_aeng
082 _aT2(R).3'p, Q2
100 _aMaher Chauncey
_9451864
245 0 _aPittsburgh school of philosophy
_b Sellars, McDowell,brandom.
260 _aNew York
_b Routledge
_c2012
300 _axii;156p
_ccm.
650 _aPhilosophy
942 _hT2(R).3'p, Q2
_cTEXL
_2CC
999 _c765871
_d765871